Traduire ces pays à partir de l'anglais vers le français - Statistiques

Statistiques générales
  • Ce quiz a été pris 3 201 fois
    3 171 depuis la dernière actualisation
  • Le résultat moyen est 17 sur 20
Statistiques - réponses
anglais français % Correct
Germany Allemagne
99%
India Inde
99%
Cambodia Cambodge
98%
Spain Espagne
98%
United States Etats-Unis
97%
Ecuador Équateur
96%
Poland Pologne
96%
United Kingdom Royaume-Uni
95%
Cyprus Chypre
94%
Iceland Islande
93%
Netherlands Pays-Bas
91%
Grenada Grenade
90%
Dominica Dominique
86%
San Marino Saint-Marin
84%
Solomon Islands Îles Salomon
81%
Czechia Tchèquie
78%
Eritrea Érythrée
74%
Latvia Lettonie
68%
Mauritius Île Maurice
59%
Myanmar Birmanie
53%
Aucun quiz correspondant
Distribution des résultats
% des personnes avec chaque résultat
Percentile par nombre de réponses
Votre historique - résultats
Vous n’avez pas pris ce quiz depuis la dernière actualisation